000 00716cam a2200217 4500
001 ABS61676
008 000000n1999 000 0 eng u
035 _a(Sirsi) u103321
100 _aDawson, M.
245 _aDo the spadework early on
260 _c1999
490 _aEstates Gazette
_v (9948) 4 December 1999, 135-137(2)
520 _aHighlights the reasons why it is important to put a risk management strategy in place early on, when a brownfield construction site contains archaeological remains.
590 _aABS
650 _aRISK MANAGEMENT
650 _aARCHAEOLOGICAL REMAINS
650 _aBROWNFIELD SITES
650 _aDEVELOPERS
690 _aPROPERTY-PROPERTY DEVELOPMENT
942 _n0
999 _c62096
_d62096